The Art of the Ancient Near East /

Na minha lista:
Detalhes bibliográficos
Autor principal: Lloyd, Seton (autor)
Formato: Livro
Idioma:inglês
Publicado em: Londres, Inglaterra : Thames and Hudson, 1965, c1961
Colecção:(The World of Art Library. History of Art)
Assuntos:
Tags: Adicionar Tag
Sem tags, seja o primeiro a adicionar uma tag!

MARC

LEADER 00000nam^a2200000^a^4500
001 000618858
005 20250820000000.0
009 20260310133808.988
037 |a Acervo ITESO - Biblioteca 
041 |a ING 
082 |a 709. 56  |b LLO 
100 |a Lloyd, Seton  |e (autor) 
245 1 4 |a The Art of the Ancient Near East /  |c S. Lloyd. 
264 4 |a Londres, Inglaterra :  |b Thames and Hudson,  |c 1965, c1961 
300 |a 302 p. 
336 |a texto  |b txt  |2 rdacontenido 
337 |a sin mediación  |b n  |2 rdamedio 
338 |a volumen  |b nc  |2 rdasoporte 
440 5 |a (The World of Art Library.  |p History of Art) 
649 |a XX 
650 |a Arte Babilónico -  |x Historia y Crítica 
650 |a Arte Asirio -  |x Historia y Crítica 
650 |a Arte Sumerio -  |x Historia y Crítica 
650 |a Arte Mesopotámico -  |x Historia y Crítica 
650 |a Arte Egipcio -  |x Historia y Crítica 
650 |a Arquitectura Egipcia -  |x Historia y Crítica 
650 |a Arquitectura -  |z Medio Oriente -  |x Historia y Crítica 
650 |a Arte -  |z Medio Oriente -  |x Historia y Crítica -  |x Tema Principal 
650 |a Arte -  |x Historia y Crítica 
650 |a Medio Oriente -  |x Historia 
910 |a Fondo Castillo-Martínez 
920 |a Impresos - Libros 
930 |a Fondos Especiales 
905 |a 127 
901 |a 618858-10  |b IT2  |c ESP  |i D129402  |u 20250820 
902 |a https://opac.biblio.iteso.mx/vufind/Record/000618858